000 00682nam a2200205Ii 4500
003 JO-AjNU
008 230605s9999||||xx |||||||||||||| ||und||
040 _aJO-AjNU
_bara
_erda
_cJO-AjNU
041 _aara
050 1 4 _aBD168 1992
100 3 _aغضيب، هشام,
_eauthor
_957727
245 0 0 _aجدل الوعي العلمي: اشكالات الانتاج الاجتماعي للمعرفة
250 _aط1
264 3 1 _aعمان: الجمعية العلمية الملكيه،1992
300 _a163ص
336 _atext
_btxt
_2rdacontent
337 _aunmediated
_bn
_2rdamedia
338 _avolume
_bnc
_2rdacarrier
650 4 _aالوعي العلمي-جدل
_957728
999 _aA25886
_c29454
_d29454